Statistiques concernant Les tubes de Beyoncé classés dans le Top 10 en France

Cliquez ici pour prendre le quiz!

Statistiques générales

  • Ce quiz a été pris 197 fois
    (83 depuis la dernière actualisation)
  • Le résultat moyen est 4 sur 8

Statistiques - réponses

Position dans les chartsTitre% Correct
20099Halo
76%
20139Drunk in Love
69%
20244Texas Hold'Em
63%
20038Baby Boy
37%
20085If I Were a Boy
35%
20071Beautiful Liar
28%
200610Irreplaceable
26%
20103Telephone
21%

Distribution des résultats

Percentile par nombre de réponses

% des personnes avec chaque résultat

Votre développement - résultats

Vous n’avez pas pris ce quiz depuis la dernière actualisation